[Event "Dresden ZMD op-C 21th"]
[Site "Dresden"]
[Date "2012.08.21"]
[Round "4"]
[White "Abdurakhimov, Peter"]
[Black "Frommelt, Rene"]
[Result "0-1"]
[WhiteElo "1601"]
[BlackElo "1695"]
[PlyCount "75"]
[EventDate "2012.08.18"]
[EventType "swiss"]
[EventRounds "9"]
[EventCountry "GER"]
[SourceTitle "CBM 150 Extra"]
[Source "ChessBase"]
[SourceDate "2012.10.19"]
[SourceVersion "1"]
[SourceVersionDate "2012.10.19"]
[SourceQuality "1"]

1. e4 c5 2. Nc3 Nc6 3. f4 g6 4. Nf3 Bg7 5. Bb5 Nd4 6. Nxd4 cxd4 7. Ne2 e6 8. 0-0 Ne7 9. Bd3 d5 10. e5 Qb6 11. Kh1 0-0 12. c3 dxc3 13. Nxc3 Bd7 14. Bc2 Rac8 15. b3 Qa6 16. Bb2 Rc7 17. d4 Rfc8 18. Bd3 Qa5 19. Ne2 a6 20. a4 Bf8 21. Ba3 Nf5 22. Rf3 Bxa3 23. Bxf5 exf5 24. Rxa3 Rc2 25. Ra1 Rd2 26. Rf2 Rd3 27. Kg1 Rd2 28. Qf1 Rcc2 29. Re1 b5 30. h3 bxa4 31. bxa4 Bxa4 32. Kh2 Rd3 33. Rf3 Qc3 34. Re3 Bd7 35. Kg3 a5 36. Kf3 a4 37. Ra1 Rxe3+ 38. Kf2 0-1